000 00272nam a22001097a 4500
008 170125b xxu||||| |||| 00| 0 eng d
020 _a9780387241029
041 _aeng
080 _a61
245 _aUNDERSTANDING THE GLOBAL DIMENSIONS OF HEALTH
_cGUNN, S.W
942 _2udc
_cBK
999 _c3676
_d3676